00430cam a2200145 a 4500020004200000020003800042082001800080100002500098245003600123250001200159260004300171300002800214650002100242700002100263 a9780415885607 (hardback : alk. paper) a9780415885614 (pbk. : alk. paper)00a362.82/92 MUR1 aMurray, Christine E.10aResponding to family violence : a1st ed. aNew York :bBrunner-Routledge,cc2013. axxvii, 449 p. :bill. ; 0aFamily violence.1 aGraves, Kelly N.